000 00392nam a2200181Ia 4500
003 0STCL
008 150530s9999 xx 000 0 und d
040 _aSTCL
_cSTCL
100 _aNair, S.K.
245 _aSariyum Thettum
250 _a1
260 _bBhavanandi; Ernakulam
_c1961
300 _a0
546 _aMalayalam
942 _2ddc
_cBK
999 _c78746
_d78746
005 20220125171709.0